Value driven management (Record no. 152330)

MARC details
000 -LEADER
fixed length control field 00819nam a2200325Ia 4500
008 - FIXED-LENGTH DATA ELEMENTS--GENERAL INFORMATION
fixed length control field 210210b2007 xxu||||| |||| 00| 0 eng d
020 ## - INTERNATIONAL STANDARD BOOK NUMBER
International Standard Book Number 8120331168
041 ## - LANGUAGE CODE
Language code of text/sound track or separate title eng
082 ## - DEWEY DECIMAL CLASSIFICATION NUMBER
Classification number 658.401 POHV
100 ## - MAIN ENTRY--PERSONAL NAME
Personal name POHLMAN (Randolph A)
245 ## - TITLE STATEMENT
Title Value driven management
Remainder of title How to create and maximize value over time for organizational success
260 ## - PUBLICATION, DISTRIBUTION, ETC.
Place of publication, distribution, etc. New Delhi
Name of publisher, distributor, etc. Prentice-Hall of India Private Limited
Date of publication, distribution, etc. 2007
300 ## - PHYSICAL DESCRIPTION
Extent x,230
650 ## - SUBJECT ADDED ENTRY--TOPICAL TERM
Topical term or geographic name entry element Value
650 ## - SUBJECT ADDED ENTRY--TOPICAL TERM
Topical term or geographic name entry element to
650 ## - SUBJECT ADDED ENTRY--TOPICAL TERM
Topical term or geographic name entry element time
650 ## - SUBJECT ADDED ENTRY--TOPICAL TERM
Topical term or geographic name entry element success
650 ## - SUBJECT ADDED ENTRY--TOPICAL TERM
Topical term or geographic name entry element over
650 ## - SUBJECT ADDED ENTRY--TOPICAL TERM
Topical term or geographic name entry element organizational
650 ## - SUBJECT ADDED ENTRY--TOPICAL TERM
Topical term or geographic name entry element maximize
650 ## - SUBJECT ADDED ENTRY--TOPICAL TERM
Topical term or geographic name entry element management
650 ## - SUBJECT ADDED ENTRY--TOPICAL TERM
Topical term or geographic name entry element How
650 ## - SUBJECT ADDED ENTRY--TOPICAL TERM
Topical term or geographic name entry element for
650 ## - SUBJECT ADDED ENTRY--TOPICAL TERM
Topical term or geographic name entry element driven
650 ## - SUBJECT ADDED ENTRY--TOPICAL TERM
Topical term or geographic name entry element create
650 ## - SUBJECT ADDED ENTRY--TOPICAL TERM
Topical term or geographic name entry element and
690 ## - LOCAL SUBJECT ADDED ENTRY--TOPICAL TERM (OCLC, RLIN)
Topical term or geographic name as entry element Executive Management
700 ## - ADDED ENTRY--PERSONAL NAME
Personal name GARDINER (Gareth S)
906 ## - LOCAL DATA ELEMENT F, LDF (RLIN)
a 067917
Holdings
Withdrawn status Lost status Source of classification or shelving scheme Damaged status Not for loan Collection code Home library Current library Date acquired Source of acquisition Cost, normal purchase price Total Checkouts Full call number Barcode Date last seen Price effective from Koha item type
    Dewey Decimal Classification     Commerce St Aloysius Library St Aloysius Library 02/17/2021 Biblios, Bunts Hostel Road, Mangalore 350.00   658.401 POHV 067917 02/17/2021 02/17/2021 Book